000 00762cam a2200217 4500
001 ABS65350
008 020429n2002 000 0 eng u
035 _a(Sirsi) u117747
100 _aEade, C.
245 _aJourney to outer space
260 _c2002
490 _aProperty Week
_v67(14) 12 April 2002, 33-35(3)
520 _aReviews trend of fashionable high street shops to establish out-of-town warehouses. Argues that retailers need to assess profits to be made in these stores carefully. Includes small table on retail warehouse yields.
590 _aABS
650 _aRETAILING
650 _aWAREHOUSE SHOPPING
650 _aOUT-OF-TOWN SHOPPING
650 _aSHOPPING
690 _aPROPERTY-COMMERCIAL PROPERTY-RETAIL PROPERTY
942 _n0
999 _c70112
_d70112